Minecraft Structures: Jungle Pyramid Materials - Statistics

General Stats
  • This quiz has been taken 6 times
  • The average score is 8 of 12
Answer Stats
Hint Answer % Correct
2 Chest
100%
3 Lever
100%
2 Dispenser
83%
15 Redstone Dust
83%
5 String
83%
4 Tripwire Hook
83%
3 Vines
67%
3 Chiseled Stone Bricks
50%
1 Redstone Repeater
50%
3 Sticky Piston
50%
Cobblestone / Mossy Cobblestone 1157
17%
Cobblestone Stairs 24
17%
No matching quizzes found
Score Distribution
Percent of People with Each Score
Percentile by Number Answered
Your Score History
You have not taken this quiz